লোডিং...

Media ethics: issues cases

গ্রন্থ-পঞ্জীর বিবরন
প্রধান লেখক: Patterson, Philip; Author, Wilkins, Lee; Author
বিন্যাস: Printed Book
প্রকাশিত: Boston, McGraw-Hill 2002
বিষয়গুলি:
LEADER 006470000a22002050004500
020 |a 0-07-237388-1 
082 |a 175 P2 
100 |a Patterson, Philip; Author 
100 |a Wilkins, Lee; Author 
245 |a Media ethics: issues cases 
260 |a Boston, McGraw-Hill 
260 |c 2002 
460 |a xviii,314p 
500 |a Includes bibliographical references and index 
500 |a Philip Patterson and Lee Wilkins 
650 |a Mass media 
650 |a Moral and ethical aspects 
942 |c BK 
999 |c 33018  |d 33018 
952 |0 0  |1 0  |4 0  |6 175_000000000000000_P2  |7 0  |8 ENG  |9 33198  |a MGUL  |b MGUL  |d 2013-07-16  |l 0  |o 175 P2  |p G00636  |r 2013-07-16  |w 2013-07-16  |y BK